Statistics for NBA Defensive Player of the Year by Team

Click here to take the quiz!

General Stats

  • This quiz has been taken 36 times
    (7 since last reset)
  • The average score is 15 of 18

Answer Stats

Team Players % Correct
BullsMichael Jordan | Joakim Noah
100%
CelticsKevin Garnett
100%
GrizzliesMarc Gasol
100%
JazzMark Eaton | Rudy Gobert
100%
SpursAlvin Robertson | David Robinson | Kawhi Leonard
100%
BucksSidney Moncrief | Giannis Antetokounmpo
100%
MagicDwight Howard
100%
RocketsHakeem Olajuwon
100%
WarriorsDraymond Green
86%
PistonsDennis Rodman | Ben Wallace
86%
HeatAlonzo Mourning
86%
SuperSonics / ThunderGary Payton
71%
76ersDikembe Mutombo
71%
NuggetsDikembe Mutombo | Marcus Camby
71%
HawksDikembe Mutombo
71%
PacersRon Artest
57%
KnicksTyson Chandler
57%
LakersMichael Cooper
43%

Score Distribution

Percentile by Number Answered

Percent of People with Each Score

Your Score History

You have not taken this quiz since the last reset